[Event "XVIII C.to Italiano UISP A"]
[Site "Montecatini Terme ITA"]
[Date "1997.12.??"]
[Round "4"]
[White "Ragonese, Lucio Rosario"]
[Black "Leoncini, Mario"]
[Result "1-0"]
[WhiteElo "2060"]
[BlackElo "2180"]
[PlyCount "51"]
[EventDate "1997.12.04"]

1. d4 d5 2. Nf3 Nf6 3. Bg5 e6 4. Nbd2 Be7 5. e3 b6 6. Bd3 Bb7 7. c3 Nbd7 8. O-O
O-O 9. Re1 c5 10. e4 cxd4 11. Nxd4 Nc5 12. Bxf6 Nxd3 13. Bxe7 Qxe7 14. Re3 dxe4
15. Nxe4 Nxb2 16. Qh5 Bxe4 17. Rxe4 Qc5 18. Qh3 Rac8 19. Rc1 Rfd8 20. Rh4 Rxd4
21. Rxh7 Kf8 22. Qg3 g5 23. Rh8+ Ke7 24. Rxc8 Qxc8 25. Qxg5+ f6 26. cxd4 1-0

[Event "XVIII C.to Italiano UISP A"]
[Site "Montecatini Terme ITA"]
[Date "1997.12.??"]
[Round "4"]
[White "Rossi, Carlo"]
[Black "Vezzosi, Paolo"]
[Result "1/2-1/2"]
[WhiteElo "2355"]
[BlackElo "2270"]
[PlyCount "43"]
[EventDate "1997.12.04"]

1. e4 e6 2. d3 c5 3. Nf3 Nc6 4. c3 Nf6 5. a3 d5 6. Qa4 Bd7 7. Qc2 Qc7 8. Be2 g6
9. b4 Bg7 10. Bb2 O-O 11. Nbd2 cxb4 12. cxb4 Rfc8 13. Rc1 Qb6 14. Qb1 a5 15.
bxa5 Nxa5 16. Bd4 Rxc1+ 17. Qxc1 Qb5 18. Qa1 Nh5 19. Bxg7 Nxg7 20. Qf6 Nh5 21.
Qh4 Qb2 22. O-O 1/2-1/2

[Event "XVIII C.to Italiano UISP A"]
[Site "Montecatini Terme ITA"]
[Date "1997.12.??"]
[Round "4"]
[White "Sarno, Spartaco"]
[Black "Ortega, Lexy"]
[Result "1-0"]
[WhiteElo "2400"]
[BlackElo "2470"]
[PlyCount "73"]
[EventDate "1997.12.04"]

1. c4 c5 2. g3 e6 3. Bg2 d5 4. Nf3 Nf6 5. O-O Nc6 6. b3 Be7 7. e3 O-O 8. Bb2 b6
9. Qe2 Bb7 10. Rd1 dxc4 11. bxc4 Rc8 12. Nc3 Rc7 13. d4 cxd4 14. exd4 Na5 15.
d5 exd5 16. cxd5 Re8 17. Nb5 Rc5 18. Re1 Rxd5 19. Bxf6 gxf6 20. Nxa7 Qd7 21.
Rab1 Rd3 22. Nb5 Bc6 23. Nc7 Bxf3 24. Bxf3 Rd2 25. Qb5 Rd8 26. Qxd7 R8xd7 27.
Nd5 Bd8 28. Nxb6 R7d6 29. Nc8 R6d3 30. Be4 Rc3 31. Na7 Nc4 32. Nb5 Bb6 33. Nxc3
Bxf2+ 34. Kh1 Bd4 35. Nb5 Be5 36. Rbd1 Rxa2 37. Rd7 1-0

[Event "XVIII C.to Italiano UISP A"]
[Site "Montecatini Terme ITA"]
[Date "1997.12.??"]
[Round "4"]
[White "Stefanelli, Luca"]
[Black "Lepri, Livio"]
[Result "1-0"]
[WhiteElo "2270"]
[BlackElo "2059"]
[PlyCount "85"]
[EventDate "1997.12.04"]

1. d4 f5 2. g3 Nf6 3. Bg2 g6 4. Nf3 Bg7 5. c3 Nc6 6. d5 Nb8 7. c4 O-O 8. Nc3
Qe8 9. O-O e5 10. dxe6 dxe6 11. Bf4 Qe7 12. Qc2 Nc6 13. e4 fxe4 14. Nxe4 e5 15.
Bg5 Bf5 16. Rae1 Rad8 17. Qc1 Rfe8 18. Nh4 Nb4 19. Nxf5 gxf5 20. Nxf6+ Bxf6 21.
Bxf6 Qxf6 22. Qe3 Qe7 23. a3 Nd3 24. Bd5+ Rxd5 25. cxd5 Nxe1 26. Rxe1 Qd6 27.
Qf3 Rf8 28. Qh5 e4 29. Qg5+ Kh8 30. Qd2 Re8 31. f4 Qc5+ 32. Kg2 Rd8 33. Rd1 c6
34. d6 Kg8 35. b4 Qc4 36. d7 Kf7 37. Qd6 Qe6 38. Qd4 Ke7 39. Qc5+ Kf7 40. Rd6
Qe7 41. Qxf5+ Kg8 42. Re6 Qxd7 43. Qg5+ 1-0

[Event "XVIII C.to Italiano UISP A"]
[Site "Montecatini Terme ITA"]
[Date "1997.12.??"]
[Round "4"]
[White "Zucconi, Leandro"]
[Black "Scacco, Mauro"]
[Result "1/2-1/2"]
[WhiteElo "2140"]
[BlackElo "2045"]
[PlyCount "69"]
[EventDate "1997.12.04"]

1. d4 Nf6 2. Nf3 g6 3. g3 Bg7 4. Bg2 O-O 5. O-O d6 6. c4 Nc6 7. Nc3 e5 8. d5
Ne7 9. e4 Nh5 10. Ne1 a6 11. Nd3 c5 12. Kh1 f5 13. f4 fxe4 14. Nxe4 exf4 15.
Nxf4 Nxf4 16. Bxf4 Nf5 17. Qd2 h5 18. Rae1 b6 19. Ng5 Nd4 20. Ne6 Bxe6 21. dxe6
Ra7 22. Bd5 Kh7 23. Bg5 Bf6 24. Qf4 Nf5 25. Bxf6 Qxf6 26. Re2 Re7 27. Ref2 Qd4
28. Qg5 Qf6 29. Qxf6 Rxf6 30. Kg1 b5 31. h3 Rexe6 32. Bxe6 Rxe6 33. cxb5 axb5
34. Kh2 Kg7 35. Rf3 1/2-1/2

[Event "XVIII C.to Italiano UISP A"]
[Site "Montecatini Terme ITA"]
[Date "1997.12.??"]
[Round "5"]
[White "Mauro, Alan"]
[Black "Mariotti, Sergio"]
[Result "1/2-1/2"]
[WhiteElo "2275"]
[BlackElo "2395"]
[PlyCount "74"]
[EventDate "1997.12.04"]

1. e4 c5 2. Nf3 d6 3. d4 cxd4 4. Nxd4 Nf6 5. Nc3 a6 6. Bd3 e5 7. Nde2 Be7 8.
O-O Nbd7 9. a4 O-O 10. Kh1 Re8 11. f4 exf4 12. Nxf4 Ne5 13. Ncd5 Nxd5 14. Nxd5
Be6 15. Bf4 Bf6 16. Bg3 Bxd5 17. exd5 g6 18. Bxe5 Bxe5 19. Qf3 Re7 20. Rab1 Qa5
21. b3 Rae8 22. Rbe1 Qd2 23. Qe3 Qb4 24. Qe4 Qc3 25. Qf3 Kg7 26. Re3 Bf6 27.
Rxe7 Rxe7 28. g3 h5 29. Kg2 Qd4 30. Kh1 Re3 31. Qg2 h4 32. gxh4 Qxh4 33. Rg1
Be5 34. Rf1 Bxh2 35. Rxf7+ Kxf7 36. Qxg6+ Kf8 37. Qf5+ Ke7 1/2-1/2

[Event "XVIII C.to Italiano UISP A"]
[Site "Montecatini Terme ITA"]
[Date "1997.12.??"]
[Round "6"]
[White "Aldrovandi, Costantino"]
[Black "Passerotti, Pierluigi"]
[Result "1/2-1/2"]
[WhiteElo "2250"]
[BlackElo "2310"]
[PlyCount "67"]
[EventDate "1997.12.04"]

1. e4 c5 2. c3 Nf6 3. e5 Nd5 4. d4 cxd4 5. Nf3 e6 6. cxd4 d6 7. a3 dxe5 8. dxe5
Nd7 9. Bd3 Be7 10. O-O O-O 11. Qc2 h6 12. Nc3 Nc5 13. Nxd5 Qxd5 14. Bh7+ Kh8
15. b4 Nb3 16. Rb1 Nxc1 17. Be4 Qa2 18. Qxc1 a5 19. Ra1 Qe2 20. Re1 Qa6 21. Qc7
Re8 22. Rad1 Qb5 23. Nd4 Qd7 24. Qxd7 Bxd7 25. Bxb7 Ra7 26. Bc6 axb4 27. Nb5
Bxc6 28. Nxa7 Ba4 29. axb4 Bxb4 30. Re4 Bxd1 31. Rxb4 Ra8 32. Rb7 Bh5 33. Rc7
Kh7 34. f3 1/2-1/2

[Event "XVIII C.to Italiano UISP A"]
[Site "Montecatini Terme ITA"]
[Date "1997.12.??"]
[Round "6"]
[White "Barro, Carlo"]
[Black "Bini, Lorenzo"]
[Result "1/2-1/2"]
[WhiteElo "1747"]
[BlackElo "2135"]
[PlyCount "91"]
[EventDate "1997.12.04"]

1. Nf3 b6 2. e4 Bb7 3. d3 g6 4. g3 Bg7 5. Bg2 d6 6. Qe2 e6 7. Nbd2 Ne7 8. h4 h6
9. a4 a5 10. Nc4 Nd7 11. O-O O-O 12. Re1 e5 13. Ne3 f5 14. Nh2 f4 15. Nd5 Nxd5
16. exd5 Nf6 17. c4 fxg3 18. fxg3 Nh5 19. Qe3 Bc8 20. Bd2 Bd7 21. Rf1 Qe7 22.
Be4 Bf5 23. b3 Qd7 24. Bg2 Rae8 25. Rae1 Nf6 26. Rf2 Rf7 27. Ref1 Ref8 28. Ra1
Bh3 29. Raf1 Bf5 30. Ra1 Ng4 31. Nxg4 Bxg4 32. Raf1 Rxf2 33. Rxf2 Rxf2 34. Qxf2
Qf5 35. Qxf5 gxf5 36. b4 axb4 37. Bxb4 Be2 38. Bf1 Bd1 39. a5 bxa5 40. Bxa5 e4
41. dxe4 fxe4 42. Kf2 Bd4+ 43. Ke1 Bb3 44. Bxc7 Bc3+ 45. Kf2 Bd4+ 46. Ke1
1/2-1/2

[Event "XVIII C.to Italiano UISP A"]
[Site "Montecatini Terme ITA"]
[Date "1997.12.??"]
[Round "6"]
[White "Bezzi, Massimo"]
[Black "Tencati, Giuseppe"]
[Result "1-0"]
[WhiteElo "1933"]
[BlackElo "2035"]
[PlyCount "99"]
[EventDate "1997.12.04"]

1. e4 e6 2. e5 d5 3. exd6 cxd6 4. d4 Nf6 5. Nf3 Be7 6. Bd3 Nc6 7. O-O Bd7 8.
Re1 O-O 9. c3 Rc8 10. Bg5 a6 11. Nbd2 d5 12. Qe2 Nb8 13. Ne5 Bc6 14. Qf3 Nfd7
15. Qh3 f5 16. Nxd7 Bxd7 17. Bxe7 Qxe7 18. Bxf5 Rxf5 19. Qxf5 Nc6 20. Qh5 Rf8
21. Nf3 Rf6 22. Ne5 Be8 23. Nxc6 bxc6 24. Qe5 Qf8 25. Re2 c5 26. Rae1 Bb5 27.
Rd2 cxd4 28. cxd4 Qc8 29. h3 h6 30. Qe3 Qc7 31. b3 a5 32. Rdd1 Qc2 33. a4 Ba6
34. Rc1 Qg6 35. Rc6 Bd3 36. Rxe6 Be4 37. Rxe4 dxe4 38. Qxe4 Qg5 39. Re3 Rf8 40.
Qe5 Qh4 41. Rg3 g5 42. Qe6+ Kg7 43. Qe5+ Kg8 44. Qd5+ Kh8 45. Qxa5 Qh5 46. Qe5+
Kg8 47. Qe6+ Kg7 48. Rg4 Re8 49. Qd7+ Kg8 50. Qd5+ 1-0

[Event "XVIII C.to Italiano UISP A"]
[Site "Montecatini Terme ITA"]
[Date "1997.12.??"]
[Round "6"]
[White "Caposciutti, Maurizio"]
[Black "Tassi, Oliviero"]
[Result "1/2-1/2"]
[WhiteElo "2300"]
[BlackElo "2305"]
[PlyCount "22"]
[EventDate "1997.12.04"]

1. Nf3 c5 2. c4 e6 3. g3 Nc6 4. Bg2 Nf6 5. O-O Be7 6. b3 O-O 7. Bb2 d5 8. e3
Rb8 9. Qe2 a6 10. Nc3 b5 11. cxd5 exd5 1/2-1/2

[Event "XVIII C.to Italiano UISP A"]
[Site "Montecatini Terme ITA"]
[Date "1997.12.??"]
[Round "6"]
[White "Ceccatelli, Claudio"]
[Black "Casadei, Mauro"]
[Result "0-1"]
[WhiteElo "1723"]
[BlackElo "2130"]
[PlyCount "87"]
[EventDate "1997.12.04"]

1. d4 d5 2. Nf3 c6 3. c4 Nf6 4. Nc3 dxc4 5. a4 Bf5 6. Ne5 e6 7. f3 Bb4 8. e4
Bxe4 9. fxe4 Nxe4 10. Bd2 Qxd4 11. Nxe4 Qxe4+ 12. Qe2 Bxd2+ 13. Kxd2 Qd5+ 14.
Kc2 Na6 15. Nxc4 O-O-O 16. Qe3 c5 17. Be2 Nb4+ 18. Kb3 Nc6 19. Rad1 Nd4+ 20.
Ka2 Qxg2 21. Rhe1 Qc6 22. Rc1 Qxa4+ 23. Na3 Rd5 24. Bc4 Rd7 25. Qe5 Rhd8 26.
Re3 Qb4 27. Bb5 Rd5 28. Qxg7 Nf5 29. Qxf7 Nxe3 30. Qxe6+ Kb8 31. Qxe3 Rd2 32.
Qe5+ Ka8 33. Rc4 Qa5 34. Qxc5 a6 35. Ra4 Rxb2+ 36. Kxb2 Qd2+ 37. Nc2 Kb8 38.
Bxa6 Rc8 39. Qe5+ Rc7 40. Qe8+ Rc8 41. Qb5 Rxc2+ 42. Ka3 Qc1+ 43. Kb3 Rb2+ 44.
Ka3 0-1

[Event "XVIII C.to Italiano UISP A"]
[Site "Montecatini Terme ITA"]
[Date "1997.12.??"]
[Round "6"]
[White "Ciotoli, Patrizio"]
[Black "Lepri, Livio"]
[Result "1/2-1/2"]
[WhiteElo "1938"]
[BlackElo "2059"]
[PlyCount "100"]
[EventDate "1997.12.04"]

1. e4 Nf6 2. Nc3 d5 3. exd5 Nxd5 4. Bc4 c6 5. Qf3 Nf6 6. Ne4 Qd4 7. Nxf6+ Qxf6
8. Qxf6 exf6 9. d4 Be6 10. Bd3 Bd6 11. Ne2 Nd7 12. Bf4 Bxf4 13. Nxf4 Nb6 14.
O-O O-O-O 15. Rfe1 Nd5 16. Nxd5 Rxd5 17. c3 Rd7 18. Re3 g6 19. f4 f5 20. b4
Rhd8 21. Kf2 Kc7 22. Rae1 Bxa2 23. Ra1 Bd5 24. Rxa7 Kd6 25. Re5 f6 26. Re3 b5
27. Ra5 Re7 28. Rxe7 Kxe7 29. Be2 Kd6 30. Ra7 Rd7 31. Ra6 Ke7 32. g3 Be4 33.
Ke3 Bd5 34. Kd2 Rb7 35. Ke3 Kd6 36. Kd2 Be4 37. Ke3 Kd5 38. Ra8 Re7 39. Rd8+
Ke6 40. Bd3 Bd5 41. Rh8 Kd6+ 42. Kd2 Ra7 43. Bc2 Be4 44. Bb3 Bd5 45. Bxd5 Kxd5
46. Kd3 Rd7 47. Rf8 Ra7 48. Rh8 Ke6 49. Re8+ Kd6 50. Rd8+ Ke6 1/2-1/2

[Event "XVIII C.to Italiano UISP A"]
[Site "Montecatini Terme ITA"]
[Date "1997.12.??"]
[Round "6"]
[White "Corvi, Marco"]
[Black "Fabiano, Giuseppe"]
[Result "1-0"]
[WhiteElo "2260"]
[BlackElo "2240"]
[PlyCount "75"]
[EventDate "1997.12.04"]

1. e4 e6 2. d3 d5 3. Nd2 Nc6 4. Ngf3 Nf6 5. c3 Be7 6. g3 O-O 7. Bg2 dxe4 8.
dxe4 Qd3 9. Bf1 Qd7 10. Qc2 b6 11. e5 Ng4 12. Qe4 f5 13. exf6 Nxf6 14. Qe2 e5
15. Bg2 e4 16. Ng5 a5 17. Bh3 Qd5 18. Bxc8 Raxc8 19. Qc4 e3 20. fxe3 Ne5 21.
Qxd5+ Nxd5 22. Nde4 Bxg5 23. Nxg5 Ng4 24. e4 Rce8 25. h3 Nge3 26. Bxe3 Nxe3 27.
Ke2 Nf5 28. Kf3 h6 29. exf5 Rxf5+ 30. Kg4 Rxg5+ 31. Kh4 Re2 32. Rhe1 Rxb2 33.
Re7 Rc5 34. Rd1 Rxc3 35. Rdd7 Rb4+ 36. g4 g5+ 37. Kh5 Rbc4 38. Rd8# 1-0

[Event "XVIII C.to Italiano UISP A"]
[Site "Montecatini Terme ITA"]
[Date "1997.12.??"]
[Round "6"]
[White "Di Vincenzi, Renato"]
[Black "Lucaroni, Massimiliano"]
[Result "0-1"]
[WhiteElo "2128"]
[BlackElo "2280"]
[PlyCount "75"]
[EventDate "1997.12.04"]

1. Nf3 d5 2. d4 c5 3. c3 Nd7 4. Nbd2 Ngf6 5. e3 Qc7 6. Bd3 e5 7. dxe5 Nxe5 8.
Nxe5 Qxe5 9. Bb5+ Bd7 10. Bxd7+ Kxd7 11. Nf3 Qe4 12. c4 Kc7 13. cxd5 Rd8 14.
O-O Rxd5 15. Bd2 Bd6 16. Qe2 Rh5 17. g3 Qg4 18. Rfe1 Ne4 19. Rac1 Kb8 20. Rc4
Re8 21. b4 Qh3 22. Rxe4 Rxe4 23. Qd3 Qe6 24. bxc5 Bxc5 25. Rc1 Rd5 26. Qc2 a6
27. Be1 h6 28. Kg2 Rh5 29. Ng1 Qc6 30. Nf3 Rf5 31. Qe2 Re6 32. g4 Rg6 33. h3 h5
34. Rc4 hxg4 35. hxg4 b5 36. Rxc5 Rxc5 37. Kh3 Qe4 38. Nh4 0-1

[Event "XVIII C.to Italiano UISP A"]
[Site "Montecatini Terme ITA"]
[Date "1997.12.??"]
[Round "6"]
[White "Galioto, Natale"]
[Black "Caruso, Augusto"]
[Result "0-1"]
[WhiteElo "1822"]
[BlackElo "2265"]
[PlyCount "88"]
[EventDate "1997.12.04"]

1. e4 e5 2. f4 exf4 3. Nf3 d5 4. exd5 Nf6 5. c4 c6 6. Nc3 cxd5 7. d4 Bb4 8. a3
Bxc3+ 9. bxc3 O-O 10. Be2 Ne4 11. Qc2 Bf5 12. Bd3 Qe7 13. O-O dxc4 14. Bxe4
Qxe4 15. Qxe4 Bxe4 16. Bxf4 Nd7 17. Ne5 Nf6 18. Rae1 Bd5 19. Re3 Rfe8 20. Rfe1
Nh5 21. Bg3 Nxg3 22. Rxg3 f6 23. Nf3 Bxf3 24. Rxe8+ Rxe8 25. Rxf3 Re2 26. Rf2
Re1+ 27. Rf1 Rxf1+ 28. Kxf1 Kf7 29. Kf2 Ke6 30. Ke3 Kd5 31. Kf4 b5 32. Kf3 a5
33. Ke3 h5 34. Kd2 Ke4 35. Ke2 g5 36. Kd2 f5 37. Ke2 f4 38. Kd2 g4 39. Ke2 h4
40. Kd2 h3 41. gxh3 g3 42. hxg3 fxg3 43. Ke2 b4 44. axb4 axb4 0-1

[Event "XVIII C.to Italiano UISP A"]
[Site "Montecatini Terme ITA"]
[Date "1997.12.??"]
[Round "6"]
[White "Genovese, Maurizio"]
[Black "Adinolfi, Vincenzo"]
[Result "0-1"]
[WhiteElo "2285"]
[BlackElo "2165"]
[PlyCount "137"]
[EventDate "1997.12.04"]

1. d4 Nf6 2. c4 e6 3. Nc3 d5 4. cxd5 exd5 5. Bg5 Be7 6. e3 c6 7. Bd3 h6 8. Bh4
O-O 9. Qc2 Re8 10. Nge2 Ne4 11. Bxe7 Qxe7 12. Bxe4 dxe4 13. h3 Na6 14. a3 Bf5
15. g4 Bh7 16. b4 Nc7 17. O-O Ne6 18. Ng3 Ng5 19. Kg2 Rad8 20. Rad1 Qe6 21. Qa2
Qf6 22. Qe2 Nf3 23. Nb1 Qe6 24. Nd2 Nh4+ 25. Kh1 Rd5 26. Rc1 a5 27. Rc5 axb4
28. axb4 Ra8 29. Qc4 Nf3 30. Nxf3 exf3 31. e4 Bxe4 32. Re1 Bd3 33. Rxe6 Bxc4
34. Re7 Rxd4 35. Rxb7 Ra2 36. Nf5 Rdd2 37. Kh2 Rxf2+ 38. Kg3 Rg2+ 39. Kxf3 Bd5+
40. Kf4 Rgf2+ 41. Ke5 Rfe2+ 42. Kd6 Re6+ 43. Kc7 Bg2 44. h4 Rb2 45. Rb8+ Kh7
46. Rc4 Re4 47. Rxe4 Bxe4 48. Ne7 Rc2 49. Rf8 Rc4 50. Rxf7 Rxb4 51. g5 h5 52.
Rf2 c5 53. Re2 Bd3 54. Rd2 c4 55. Kd6 Rb3 56. Ke5 Bb1 57. Rg2 Re3+ 58. Kd6 Bg6
59. Nd5 Rh3 60. Nb6 c3 61. Nd7 Rf3 62. Ne5 Rf4 63. Rg3 c2 64. Rc3 Rxh4 65. Ke6
Rh2 66. Nd7 Rg2 67. Ke7 Rf2 68. Ke6 Rf5 69. Rxc2 0-1

[Event "XVIII C.to Italiano UISP A"]
[Site "Montecatini Terme ITA"]
[Date "1997.12.??"]
[Round "6"]
[White "Leoncini, Mario"]
[Black "Scacco, Mauro"]
[Result "1/2-1/2"]
[WhiteElo "2180"]
[BlackElo "2045"]
[PlyCount "111"]
[EventDate "1997.12.04"]

1. e4 e5 2. Nf3 Nc6 3. Bb5 Nf6 4. O-O Be7 5. d4 exd4 6. e5 Ne4 7. Qe2 Nc5 8.
Rd1 O-O 9. Nxd4 Nxd4 10. Rxd4 d5 11. exd6 Bxd6 12. Be3 Qf6 13. Nc3 c6 14. Qd2
Be5 15. Bg5 Qg6 16. Rd8 Bf5 17. Rxf8+ Rxf8 18. Be7 Bxc3 19. Qxc3 Ne4 20. Qa3
Re8 21. Bf1 Nd2 22. Bb4 Nxf1 23. Rxf1 Be4 24. f3 Bd5 25. Rf2 a6 26. Qc3 h5 27.
Qd4 b5 28. a3 f6 29. h4 Re5 30. Bc3 Rf5 31. Qd3 Kh7 32. Bd2 Re5 33. Qxg6+ Kxg6
34. Bc3 Re8 35. Rd2 Kf5 36. Kf2 g5 37. hxg5 fxg5 38. Re2 Rxe2+ 39. Kxe2 g4 40.
fxg4+ hxg4 41. Kf2 Be4 42. g3 Bxc2 43. Bb4 Bd3 44. Bc5 Kf6 45. Ke3 Be4 46. Kd4
a5 47. Bb6 a4 48. Bc7 Bd5 49. Bd6 Kg5 50. Ke3 Bc4 51. Bc7 Bd5 52. Kf2 c5 53.
Bd6 c4 54. Bb4 Kf5 55. Ke3 Bc6 56. Bc3 1/2-1/2

[Event "XVIII C.to Italiano UISP A"]
[Site "Montecatini Terme ITA"]
[Date "1997.12.??"]
[Round "6"]
[White "Luciani, Valerio"]
[Black "Mola, Pietro"]
[Result "0-1"]
[WhiteElo "2225"]
[BlackElo "2190"]
[PlyCount "48"]
[EventDate "1997.12.04"]

1. e4 e5 2. Nf3 Nf6 3. Nc3 Bb4 4. Bc4 O-O 5. d3 Bxc3+ 6. bxc3 Nc6 7. Bg5 h6 8.
Bh4 d6 9. h3 Qe7 10. O-O Be6 11. Bb3 Nd8 12. Nh2 g5 13. Bg3 Kg7 14. h4 Rg8 15.
Qe2 Kf8 16. hxg5 hxg5 17. Rae1 Nc6 18. d4 Bxb3 19. axb3 Rg6 20. Qb5 Rb8 21. Nf3
a6 22. Qc4 Kg7 23. b4 Rh8 24. Re2 Rgh6 0-1

[Event "XVIII C.to Italiano UISP A"]
[Site "Montecatini Terme ITA"]
[Date "1997.12.??"]
[Round "6"]
[White "Magalotti, Andrea"]
[Black "Mauro, Alan"]
[Result "0-1"]
[WhiteElo "2155"]
[BlackElo "2275"]
[PlyCount "62"]
[EventDate "1997.12.04"]

1. e4 c5 2. Nf3 Nc6 3. d4 cxd4 4. Nxd4 g6 5. c4 Bg7 6. Be3 d6 7. Nc3 Nf6 8. Be2
O-O 9. O-O Nd7 10. Qd2 Nc5 11. Rfd1 Bd7 12. Rac1 Rc8 13. f3 Ne6 14. Nb3 b6 15.
Nd5 Nc5 16. Nd4 Nxd4 17. Bxd4 Bxd4+ 18. Qxd4 e5 19. Qe3 Ne6 20. Qa3 Bc6 21.
Qxa7 Bxd5 22. cxd5 Rxc1 23. Rxc1 Qg5 24. Rc2 Qe3+ 25. Kf1 Nd4 26. Qa4 Nxc2 27.
Qxc2 Ra8 28. a4 Qc5 29. Bc4 b5 30. axb5 Ra1+ 31. Ke2 Rg1 0-1

[Event "XVIII C.to Italiano UISP A"]
[Site "Montecatini Terme ITA"]
[Date "1997.12.??"]
[Round "6"]
[White "Mariotti, Sergio"]
[Black "De Santis, Alessio"]
[Result "1/2-1/2"]
[WhiteElo "2395"]
[BlackElo "2185"]
[PlyCount "27"]
[EventDate "1997.12.04"]

1. Nf3 d6 2. d4 Nf6 3. g3 g6 4. Bg2 Bg7 5. O-O O-O 6. b3 c6 7. Bb2 Bg4 8. h3
Bxf3 9. exf3 Nbd7 10. f4 d5 11. Nd2 e6 12. Re1 a5 13. a4 Qc7 14. Bf1 1/2-1/2

[Event "XVIII C.to Italiano UISP A"]
[Site "Montecatini Terme ITA"]
[Date "1997.12.??"]
[Round "6"]
[White "Patavia, Antonio"]
[Black "Beggi, Pierluigi"]
[Result "1/2-1/2"]
[WhiteElo "2090"]
[BlackElo "2195"]
[PlyCount "66"]
[EventDate "1997.12.04"]

1. e4 c5 2. Nf3 e6 3. d4 cxd4 4. Nxd4 Nc6 5. Nxc6 bxc6 6. Bd3 e5 7. c4 Nf6 8.
O-O Be7 9. b3 O-O 10. Bb2 d6 11. Nc3 Qc7 12. Rc1 Nd7 13. Ne2 Nc5 14. Rc2 f5 15.
f3 Nxd3 16. Qxd3 fxe4 17. fxe4 Be6 18. Rxf8+ Rxf8 19. Bc1 Bc8 20. Be3 Rf7 21.
Rd2 Be6 22. Nc3 Bf8 23. h3 Qe7 24. Rf2 g6 25. Qe2 Qc7 26. Rxf7 Bxf7 27. Qf2 Qa5
28. Bd2 Qa3 29. Kh2 Qb2 30. Be1 Qa3 31. Qd2 Qc5 32. Bf2 Qa5 33. Qd3 Be7 1/2-1/2

[Event "XVIII C.to Italiano UISP A"]
[Site "Montecatini Terme ITA"]
[Date "1997.12.??"]
[Round "6"]
[White "Ragonese, Lucio Rosario"]
[Black "Steinfl, Alessandro"]
[Result "0-1"]
[WhiteElo "2060"]
[BlackElo "2270"]
[PlyCount "56"]
[EventDate "1997.12.04"]

1. d4 c5 2. c3 e6 3. Nf3 b6 4. Bf4 Bb7 5. e3 Nf6 6. Nbd2 Be7 7. Bd3 Nc6 8. O-O
O-O 9. Qe2 d6 10. Rad1 Qc7 11. Bb1 e5 12. dxe5 dxe5 13. Bg5 Rad8 14. Qc4 h6 15.
Bxf6 Bxf6 16. Ne4 Qe7 17. Ng3 g6 18. Qg4 Bg7 19. h4 h5 20. Qa4 Na5 21. Qc2 Bxf3
22. gxf3 Qxh4 23. Kg2 Qg5 24. f4 exf4 25. exf4 Qg4 26. f3 Qxf4 27. Nxh5 Qg5+
28. Ng3 Nc4 0-1

[Event "XVIII C.to Italiano UISP A"]
[Site "Montecatini Terme ITA"]
[Date "1997.12.??"]
[Round "6"]
[White "Sarno, Spartaco"]
[Black "Pastres, Roberto"]
[Result "1-0"]
[WhiteElo "2400"]
[BlackElo "2195"]
[PlyCount "125"]
[EventDate "1997.12.04"]

1. c4 c6 2. Nf3 d5 3. b3 Bf5 4. Bb2 e6 5. g3 h6 6. Bg2 Nf6 7. O-O Be7 8. d3
Nbd7 9. Nbd2 O-O 10. a3 a5 11. Qb1 Bh7 12. b4 axb4 13. axb4 Qb6 14. Bc3 Rxa1
15. Qxa1 Bxb4 16. Bxb4 Qxb4 17. Rb1 Qd6 18. Rxb7 Rb8 19. Rxb8+ Qxb8 20. Qa6 c5
21. cxd5 exd5 22. Bh3 Qe8 23. Qd6 Qf8 24. Qc6 Qe7 25. Bxd7 Qxd7 26. Qxc5 Bf5
27. Nd4 Bh3 28. N2b3 h5 29. Qc1 h4 30. Qf4 hxg3 31. hxg3 Qb7 32. Kh2 Qc8 33. f3
Bd7 34. g4 Ba4 35. Nf5 Qe8 36. Nbd4 Nh7 37. Kg2 g6 38. Ng3 Qd8 39. Qe5 Qg5 40.
Qxg5 Nxg5 41. Kf2 Kf8 42. f4 Nh7 43. Ke3 Bd7 44. g5 Ke7 45. Nf3 f6 46. gxf6+
Nxf6 47. Ne5 Be8 48. Kd4 Kd6 49. e4 dxe4 50. dxe4 Ke6 51. Nf3 Nh7 52. Ng5+ Nxg5
53. fxg5 Ba4 54. Ne2 Kf7 55. Kd5 Bb3+ 56. Kd6 Ba4 57. e5 Kg7 58. Ke7 Bb5 59.
Nd4 Ba6 60. Ne6+ Kg8 61. Kf6 Bc4 62. Nc7 Bd3 63. e6 1-0

[Event "XVIII C.to Italiano UISP A"]
[Site "Montecatini Terme ITA"]
[Date "1997.12.??"]
[Round "6"]
[White "Stefanelli, Luca"]
[Black "Cesarini, Lanfranco"]
[Result "1-0"]
[WhiteElo "2270"]
[BlackElo "1903"]
[PlyCount "62"]
[EventDate "1997.12.04"]

1. d4 Nf6 2. c4 e6 3. Nc3 c5 4. d5 exd5 5. cxd5 d6 6. Bf4 g6 7. Qd2 Nh5 8. Qe3+
Qe7 9. Qxe7+ Bxe7 10. Bh6 a6 11. a4 b6 12. e4 Bf6 13. Be2 Ng7 14. Bf4 Be7 15.
Nf3 Nd7 16. O-O O-O 17. e5 dxe5 18. Nxe5 Nxe5 19. Bxe5 Nf5 20. Rad1 Bd6 21. Bf6
h5 22. h3 Re8 23. Rfe1 Bd7 24. Bc4 Ng7 25. Ne4 Nf5 26. g4 hxg4 27. hxg4 Rxe4
28. Rxe4 Nh6 29. g5 Ng4 30. Bb3 b5 31. Bc2 b4 1-0

[Event "XVIII C.to Italiano UISP A"]
[Site "Montecatini Terme ITA"]
[Date "1997.12.??"]
[Round "6"]
[White "Vezzosi, Paolo"]
[Black "Ortega, Lexy"]
[Result "1/2-1/2"]
[WhiteElo "2270"]
[BlackElo "2470"]
[PlyCount "83"]
[EventDate "1997.12.04"]

1. e4 c5 2. Nf3 d6 3. d4 cxd4 4. Nxd4 Nf6 5. Nc3 a6 6. g3 e6 7. Bg2 Qc7 8. O-O
Nc6 9. h3 Be7 10. b3 O-O 11. Bb2 Bd7 12. Rc1 b5 13. Nce2 Rac8 14. c4 Qb8 15.
Re1 Nxd4 16. Qxd4 e5 17. Qd3 bxc4 18. Rxc4 Rxc4 19. Qxc4 Rc8 20. Qxa6 Rc2 21.
Qa3 Bf8 22. b4 d5 23. Qb3 Qxb4 24. Qxc2 Qxe1+ 25. Kh2 d4 26. Ng1 Qb4 27. Bc1
Ba4 28. Qd2 Qc4 29. a3 d3 30. Qe1 Bc6 31. Nf3 Bd6 32. Nd2 Qc3 33. Nf3 Nxe4 34.
Nd2 Nxd2 35. Bxd2 Qc4 36. Bxc6 Qxc6 37. Qe3 Qc2 38. a4 e4 39. a5 Bc5 40. Qf4 e3
41. Bxe3 h6 42. a6 1/2-1/2

[Event "XVIII C.to Italiano UISP A"]
[Site "Montecatini Terme ITA"]
[Date "1997.12.??"]
[Round "6"]
[White "Zucconi, Leandro"]
[Black "Pastorini, Mario"]
[Result "1/2-1/2"]
[WhiteElo "2140"]
[BlackElo "2190"]
[PlyCount "73"]
[EventDate "1997.12.04"]

1. d4 Nf6 2. Nf3 e6 3. c4 b6 4. e3 Bb7 5. Bd3 Be7 6. O-O O-O 7. Nbd2 d5 8. b3
c5 9. Bb2 dxc4 10. bxc4 Nc6 11. Rc1 cxd4 12. exd4 Rc8 13. Qe2 Re8 14. Rfd1 Qd6
15. Qe3 g6 16. Ne5 Bf8 17. Ndf3 Bg7 18. Bb1 Rcd8 19. h3 Nd7 20. Ng4 a5 21. Nh6+
Kf8 22. Ng5 Bxh6 23. Nxe6+ fxe6 24. Qxh6+ Kg8 25. d5 Qf8 26. Qxf8+ Kxf8 27.
dxc6 Bxc6 28. Rd6 Nb8 29. Rcd1 Rxd6 30. Rxd6 Ke7 31. Rd2 Nd7 32. Bd4 Nc5 33. f3
Rb8 34. Kf2 Na4 35. Bc2 Nc5 36. Be5 Rb7 37. h4 1/2-1/2

[Event "XVIII C.to Italiano UISP A"]
[Site "Montecatini Terme ITA"]
[Date "1997.12.??"]
[Round "7"]
[White "Adinolfi, Vincenzo"]
[Black "Magalotti, Andrea"]
[Result "1/2-1/2"]
[WhiteElo "2165"]
[BlackElo "2155"]
[PlyCount "74"]
[EventDate "1997.12.04"]

1. Nf3 c5 2. c4 Nc6 3. Nc3 g6 4. g3 Bg7 5. Bg2 Nf6 6. O-O O-O 7. e3 d6 8. d3 d5
9. cxd5 Nxd5 10. Nxd5 Qxd5 11. Nd4 Qd6 12. Nxc6 bxc6 13. Qc2 Ba6 14. Rd1 Rfd8
15. Bf1 c4 16. d4 e5 17. Bxc4 Bxc4 18. Qxc4 exd4 19. exd4 Bxd4 20. Be3 c5 21.
Rac1 Qf6 22. Bxd4 cxd4 23. Qd3 Rd7 24. Re1 Rad8 25. Rc2 Kg7 26. a3 h5 27. h4
Qd6 28. b4 Rc7 29. Rec1 Rxc2 30. Rxc2 Rd7 31. b5 Re7 32. Rc1 Re5 33. Rc4 Rxb5
34. Rxd4 Qe5 35. Re4 Qd5 36. Qxd5 Rxd5 37. Ra4 a5 1/2-1/2